<The> competitiveness of Czech agrarian trade within the context of the global crisis

Guardado en:
Detalles Bibliográficos
Autor principal: Smutka, Luboš
Otros Autores: Burianová, Jaroslava
Formato: Capítulo de libro
Lenguaje:inglés
Materias:
Etiquetas: Agregar Etiqueta
Sin Etiquetas, Sea el primero en etiquetar este registro!

MARC

LEADER 00000naa a2200000 4500
001 0174082
005 20231211070937.4
041 0 |a eng 
044 |a CZ 
245 1 0 |a <The> competitiveness of Czech agrarian trade within the context of the global crisis  |c Luboš Smutka, Jaroslava Burianová 
610 2 0 |a obchod 
610 2 0 |a trh poľnohospodársky 
610 2 0 |a konkurencieschopnosť 
610 2 0 |a Česko 
610 2 0 |a kríza 
100 1 |a Smutka, Luboš 
700 1 |a Burianová, Jaroslava